Countries That Contain C - Statistics

General Stats
  • This quiz has been taken 1,006 times
    805 since last reset
  • The average score is 32 of 40
Answer Stats
Answer % Correct
N.America Canada
94%
S.America Chile
93%
Asia China
92%
N.America Cuba
92%
S.America Colombia
91%
Africa Chad
88%
N.America Costa Rica
87%
Europe Croatia
87%
Europe Czechia
87%
Africa D.R. Congo
87%
N.America Dominican Republic
86%
Asia Cambodia
85%
Africa Republic of the Congo
85%
N.America Dominica
84%
S.America Ecuador
84%
Africa Central African Republic
83%
Africa Cameroon
82%
Europe France
82%
Africa Comoros
81%
Europe Greece
81%
Europe Iceland
80%
Europe Liechtenstein
80%
N.America Nicaragua
80%
N.America Saint Lucia
80%
Asia Cyprus
79%
N.America Saint Vincent and the Grenadines
79%
Africa Morocco
77%
Europe North Macedonia
77%
N.America Jamaica
76%
Oceania Federated States of Micronesia
75%
N.America Mexico
75%
Africa Cape Verde
74%
Europe Vatican City
74%
Europe Monaco
70%
Africa South Africa
70%
N.America United States of America
69%
Africa Madagascar
66%
Africa Seychelles
66%
Africa Cote d'Ivoire
60%
Africa Sao Tome and Principe
54%
No matching quizzes found
Score Distribution
Percent of People with Each Score
Percentile by Number Answered
Your Score History
You have not taken this quiz since the last reset